[Event "Le Touquet op-B 19th"]
[Site "Le Touquet"]
[Date "2004.10.28"]
[Round "1"]
[White "Levier, Jean Francois"]
[Black "Sergent, Francois"]
[Result "1-0"]
[WhiteElo "1550"]
[BlackElo "1720"]
[PlyCount "55"]
[EventDate "2004.10.25"]
[EventType "swiss"]
[EventRounds "9"]
[EventCountry "FRA"]
[SourceTitle "EXT 2006"]
[Source "ChessBase"]
[SourceDate "2005.11.24"]
[SourceVersion "1"]
[SourceVersionDate "2005.11.24"]
[SourceQuality "1"]

1. d4 Nf6 2. Nf3 g6 3. Bg5 Bg7 4. Nbd2 d5 5. e3 Bf5 6. Be2 0-0 7. 0-0 Nbd7 8. c3 Re8 9. Ne5 Nxe5 10. dxe5 Nd7 11. g4 Be6 12. f4 f5 13. gxf5 Bxf5 14. Bg4 Rf8 15. Bxf5 Rxf5 16. Nf3 Nc5 17. Nd4 Rf7 18. Qg4 Qc8 19. e6 Kf8 20. f5 gxf5 21. Rxf5 Nxe6 22. Rxf7+ Kxf7 23. Rf1+ Bf6 24. Bxf6 exf6 25. Qh5+ Ke7 26. Nf5+ Kd7 27. Qf7+ Kc6 28. Ne7+ 1-0

[Event "FRA-chT3 North 0304"]
[Site "France"]
[Date "2004.02.01"]
[Round "6.8"]
[White "Feryn, Benjamin"]
[Black "Sergent, Francois"]
[Result "0-1"]
[WhiteElo "1640"]
[BlackElo "1680"]
[PlyCount "62"]
[EventDate "2003.11.??"]
[EventType "team"]
[EventRounds "9"]
[EventCountry "FRA"]
[SourceTitle "EXT 2006"]
[Source "ChessBase"]
[SourceDate "2005.11.24"]
[SourceVersion "1"]
[SourceVersionDate "2005.11.24"]
[SourceQuality "1"]
[WhiteTeam "Cappelle la Grande"]
[BlackTeam "Boulogne sur Mer"]
[WhiteTeamCountry "FRA"]
[BlackTeamCountry "FRA"]

1. e4 d5 2. exd5 Qxd5 3. Nc3 Qa5 4. d4 Nf6 5. Bd2 c6 6. Nf3 Bf5 7. Bc4 Qc7 8. 0-0 Nbd7 9. Re1 e6 10. Ne5 Nxe5 11. dxe5 Ng4 12. Bf4 Qb6 13. Qd2 Rd8 14. Qe2 Qxb2 15. Qf3 Bb4 16. Na4 Qxc2 17. Bb3 Qd3 18. Rad1 Qxf3 19. Rxd8+ Kxd8 20. gxf3 Bxe1 21. fxg4 Bxg4 22. Bg5+ Kc7 23. Kf1 Bb4 24. Be3 b6 25. Nb2 Bf5 26. Nc4 Bd3+ 27. Kg2 Bxc4 28. Bxc4 b5 29. Bd3 a6 30. Kf3 c5 31. Ke2 Rd8 0-1

[Event "Bethune-C"]
[Site "Bethune"]
[Date "2001.??.??"]
[Round "?"]
[White "Sergent, Francois"]
[Black "Lefebvre, Herve"]
[Result "1-0"]
[WhiteElo "1640"]
[BlackElo "1640"]
[PlyCount "43"]
[EventDate "2001.??.??"]
[EventType "tourn"]
[EventRounds "9"]
[EventCountry "FRA"]
[SourceTitle "EXT 2003"]
[Source "ChessBase"]
[SourceDate "2002.11.25"]
[SourceVersion "1"]
[SourceVersionDate "2002.11.25"]
[SourceQuality "1"]

1. e4 d6 2. d4 g6 3. f4 Nf6 4. Nc3 Bg7 5. Nf3 0-0 6. Bc4 a6 7. 0-0 b5 8. Bd3 Bb7 9. e5 dxe5 10. dxe5 Nd5 11. Ne4 Nd7 12. Bd2 c6 13. Qe2 Re8 14. Rad1 Nf8 15. c4 Nc7 16. a4 bxa4 17. Nc5 Rb8 18. Nxa4 Nfe6 19. Be3 Qc8 20. Nb6 Nxf4 21. Bxf4 Qe6 22. Nd4 1-0

[Event "Bethune-C"]
[Site "Bethune"]
[Date "2001.??.??"]
[Round "?"]
[White "Swiercz, Sandra"]
[Black "Sergent, Francois"]
[Result "1-0"]
[WhiteElo "1650"]
[BlackElo "1640"]
[PlyCount "53"]
[EventDate "2001.??.??"]
[EventType "tourn"]
[EventRounds "9"]
[EventCountry "FRA"]
[SourceTitle "EXT 2003"]
[Source "ChessBase"]
[SourceDate "2002.11.25"]
[SourceVersion "1"]
[SourceVersionDate "2002.11.25"]
[SourceQuality "1"]

1. e4 c6 2. d4 d5 3. Nd2 dxe4 4. Nxe4 Bf5 5. Ng3 Bg6 6. f4 e6 7. Nf3 Nd7 8. Bd3 Bxd3 9. Qxd3 Ngf6 10. 0-0 Be7 11. Re1 0-0 12. f5 exf5 13. Nxf5 Re8 14. Nxe7+ Rxe7 15. Bg5 Rxe1+ 16. Rxe1 Qc7 17. Ne5 Nxe5 18. dxe5 Nd5 19. Kf1 Re8 20. c4 Nb4 21. Qd6 Qxd6 22. exd6 Rxe1+ 23. Kxe1 Nd3+ 24. Kd2 Nc5 25. Ke2 Ne6 26. Be7 f6 27. d7 1-0